1094 1531 1837 1368 1938 1412 1976 1825 1681 1463 1515 1408 1704 1505 1604 1044 1365 1736 1558 1491 1278 1551 1290 1983 1461 1356 1018 1500 1584 1428 1234 1885 1048 1802 1726 1101 1195 1258 1027 1456 1685 1465 1577 1426 1969 1349 1327 1802 1855 1982 1896 1584 1735 1577 1083 1251 1846 1472 1681 1584 1753 1853 1166 1456 1257 1602 1519 1244 1028 1016 1855 1881 1984 1123 1251 1313 1640 1084 1820 1828 1977 1231 1616 1750 1297 1757 1033 1853 1991 1681 1684 1245 1159 1130 1869 1057 1388 1341 1763 BCNSPRNW ULIB Ver.6.0+V

เปลี่ยนเป็นภาษาไทย

Change to English
 แสดงรายละเอียดบรรณานุกรม
  กลับหน้าหลัก

Brief Record : Get Marc (ISO 2709) : E-mail record : QR code < ปิดหน้าต่าง
LEADER : 00000nam 2200000uu 4500
001    13399108430
003     ULIB
008    110303s2548||||th 000 0 tha d
020    9749617495
060 04 WY141^bพ733ก 2548
100 0  พิมพ์พรรณ ศิลปสุวรรณ
245 10 การพยาบาลอาชีวอนามัย :^bแนวคิดและการปฏิบัติ /^cพิมพ์พรรณศิลปสุวรรณ
250    พิมพ์ครั้งที่ 2
260    กรุงเทพฯ :^bภาควิชาการพยาบาลสาธารณสุข คณะสาธารณสุขศาสตร์มหาวิทยาลัยมหิดล,^c2548
300    ก-ต, 639 หน้า :^bภาพประกอบ ; 29 ซม.
650  7 อาชีวอนามัย, การบริการ
650  7 การพยาบาลอุตสาหกรรม
710 2  มหาวิทยาลัยมหิดล. ^bคณะสาธารณสุขศาสตร์.^bภาควิชาการพยาบาลสาธารณสุข
945    ^p390^l0^i020143
945    ^p390^l0^i020144
945    ^p390^l0^i019788
945    ^p390^l0^i018025
945    ^p390^l0^i018417
995    ทศพร
999 ^a ใช้งานได้ทุกระบบ
รายการนี้ยังไม่มีแท็ก
คุณยังไม่ได้ล็อกอิน คุณสามารถมีกิจกรรมร่วมกับเว็บไซต์ได้ แต่ต้องล็อกอินก่อน ::
  ล็อกอิน

รายการสื่อสารสนเทศ

ลำดับที่ ประเภท เลขเรียก/บาร์โค้ด สถานที่ สถานะ
1. วิทยาศาสตร์การแพทย์ และสุขภาพ
วิทยาศาสตร์การแพทย์ และสุขภาพ
สถานะ=หนังสือเก่า
WY141 พ733ก 2548 ฉ.4 
  Barcode: 020143
ห้องสมุดวิทยาเขตสวรรค์ประชารักษ์
►ส่วนจัดเก็บหนังสือเก่า สปร
บนชั้น
  ขอยืม
2. วิทยาศาสตร์การแพทย์ และสุขภาพ
วิทยาศาสตร์การแพทย์ และสุขภาพ
สถานะ=หนังสือเก่า
WY141 พ733ก 2548 ฉ.5 
  Barcode: 020144
ห้องสมุดวิทยาเขตสวรรค์ประชารักษ์
►ส่วนจัดเก็บหนังสือเก่า สปร
บนชั้น
  ขอยืม

รายการใกล้เคียง
    ผู้แต่ง [พิมพ์พรรณ ศิลปสุวรรณ]

    หัวเรื่อง [อาชีวอนามัย, การบริการ]
    หัวเรื่อง [การพยาบาลอุตสาหกรรม]

BibComment


ยังไม่เคยถูกคอมเมนท์

คอมเมนท์ทรัพยากรรายการนี้
  คอมเมนท์: การพยาบาลอาชีวอนา..


 Copyright 2026. Bcnsprnw @Library